000 00468cam a2200181ua 4500
020 _cRs 3.00
041 _amal
_h
082 _a894.8121
_bNAR/SA
100 _aNarayana Menon, Vallathol.
245 _aSahitya manjari /
_cVallathol Narayana Menon.
_hTextual Documents
250 _a17 /
_b.
260 _aCheruthuruthy :
_bVallathol Granthalayam ,
_c1968.
300 _a154 ; .
365 _aRs 3.00
504 _a
942 _cBK
999 _c4043
_d4043